| 000 | 00635nam a2200193 i 4500 | ||
|---|---|---|---|
| 001 | 81128 | ||
| 003 | ES-MaACL | ||
| 005 | 20250830074050.0 | ||
| 007 | t| | ||
| 008 | 041103s1927 sp ||||1| spa d | ||
| 100 | 1 |
_aHoyos Sáinz, Luis de, _d1868-1951 _964437 |
|
| 245 | 1 | 0 |
_aCultivos herbáceos _b: trigos de primavera / _cpor Luis de Hoyos Sáinz. |
| 260 |
_a[Madrid] : _bEspasa-Calpe, _c[1927] |
||
| 300 |
_a35 p. ; _c21 cm. |
||
| 490 | 1 |
_aCatecismo del agricultor y ganadero. Serie VI ; _v131 |
|
| 830 | 0 | 0 |
_aCatecismo del agricultor y ganadero _v131 _9183695 |
| 852 |
_aES-MaACL _j1830-F-19 _bR.19971 |
||
| 999 |
_c81128 _d81128 |
||